000 01098nam a2200277Ia 4500
001 281206370
003 AUA.1
005 20160330194139.0
008 081212s2006 miu 000 0 eng d
020 _a1890014079
020 _a9781890014070
035 _a(OCoLC)281206370
040 _aEXN
_cEXN
049 _aEXNs
_aEXNh
099 9 _aBX
_a6126.73
_a.K67
_a2006
100 1 _aKoranteng-Pipim, Samuel,
_d1957-
_916327
245 1 0 _aGod is faithful :
_bstewardship: a journey of faith & a test of commitment /
_cby Samuel Koranteng-Pipim & Steven Kasperbauer.
260 _aAnn Arbor, Mich. :
_bBerean Books,
_cc2006.
300 _a47 p. ;
_c22 cm.
504 _aIncludes bibliographical references.
650 0 _aChristian stewardship
_xSeventh-day Adventists.
_916328
650 0 _aTithes.
_916329
700 1 _aKasperbauer, Steven.
_916330
942 _2lcc
_cBOOK
_hBX 6126.73
_i.K67 2006
999 _c4474
_d4474